<?xml version="1.0" encoding="UTF-8"?>
<record
    xmlns:xsi="http://www.w3.org/2001/XMLSchema-instance"
    xsi:schemaLocation="http://www.loc.gov/MARC21/slim http://www.loc.gov/standards/marcxml/schema/MARC21slim.xsd"
    xmlns="http://www.loc.gov/MARC21/slim">

  <leader>00718cam a2200229 a 4500</leader>
  <controlfield tag="001">c  63000195 </controlfield>
  <controlfield tag="003">DLC</controlfield>
  <controlfield tag="005">20260227111034.0</controlfield>
  <controlfield tag="008">061012s1962    ch            000 1 chi  </controlfield>
  <datafield tag="010" ind1=" " ind2=" ">
    <subfield code="a">c  63000195 </subfield>
  </datafield>
  <datafield tag="035" ind1=" " ind2=" ">
    <subfield code="a">(CStRLIN)DCLP06-B20443</subfield>
  </datafield>
  <datafield tag="040" ind1=" " ind2=" ">
    <subfield code="a">DLC</subfield>
    <subfield code="c">DLC</subfield>
    <subfield code="d">DLC-R</subfield>
  </datafield>
  <datafield tag="050" ind1="0" ind2="0">
    <subfield code="a">PL2892.I24</subfield>
    <subfield code="b">F4</subfield>
  </datafield>
  <datafield tag="066" ind1=" " ind2=" ">
    <subfield code="c">$1</subfield>
  </datafield>
  <datafield tag="100" ind1="0" ind2=" ">
    <subfield code="6">880-01</subfield>
    <subfield code="a">Biyao.</subfield>
  </datafield>
  <datafield tag="245" ind1="1" ind2="0">
    <subfield code="6">880-02</subfield>
    <subfield code="a">Feng chen xue li /</subfield>
    <subfield code="c">Biyao zhu.</subfield>
  </datafield>
  <datafield tag="260" ind1=" " ind2=" ">
    <subfield code="6">880-03</subfield>
    <subfield code="a">Taibei Xian Yonghe Zhen :</subfield>
    <subfield code="b">Hai yan chu ban she,</subfield>
    <subfield code="c">Minguo 51 [1962]</subfield>
  </datafield>
  <datafield tag="300" ind1=" " ind2=" ">
    <subfield code="a">308 p. ;</subfield>
    <subfield code="c">19 cm.</subfield>
  </datafield>
  <datafield tag="880" ind1="0" ind2=" ">
    <subfield code="6">100-01/$1</subfield>
    <subfield code="a">&#x78A7;&#x7464;.</subfield>
  </datafield>
  <datafield tag="880" ind1="1" ind2="0">
    <subfield code="6">245-02/$1</subfield>
    <subfield code="a">&#x98A8;&#x5875;  &#x8840;&#x6DDA; /</subfield>
    <subfield code="c">&#x78A7;&#x7464;  &#x8457;.</subfield>
  </datafield>
  <datafield tag="880" ind1=" " ind2=" ">
    <subfield code="6">260-03/$1</subfield>
    <subfield code="a">&#x53F0;&#x5317;&#x7E23;  &#x6C38;&#x548C;&#x93AE; :</subfield>
    <subfield code="b">&#x6D77;&#x71D5;&#x3000;&#x51FA;&#x7248;&#x793E;,</subfield>
    <subfield code="c">&#x6C11;&#x570B;51 [1962]</subfield>
  </datafield>
  <datafield tag="999" ind1=" " ind2=" ">
    <subfield code="c">12806</subfield>
    <subfield code="d">12806</subfield>
  </datafield>
</record>
